| 000 | 00970nam a22003130a 4500 | ||
|---|---|---|---|
| 001 | PT33032 | ||
| 003 | AR-LpoUNG | ||
| 005 | 20210201010727.0 | ||
| 008 | 201001s2000||||mx |||||||||||||||||spa d | ||
| 040 |
_aAR-LpoUNG _bspa _eaacr |
||
| 041 | _aspa | ||
| 044 | _amx | ||
| 082 | 0 | _a334.01 37ter | |
| 100 | 1 | _aEleta, Paula | |
| 245 | 1 | 0 |
_aTercer sector : _bdesarrollo y perspectivas : reflexiones sobre la experiencia europea y en particular sobre el caso italiano |
| 260 |
_aMéxico, D. F. : _bEl Colegio Mexiquense, _c2000. |
||
| 300 |
_a13 p. : _bil. _3Impreso |
||
| 490 | 0 |
_aDocumentos de Discusión sobre el Tercer Sector ; _vno.7 |
|
| 650 | 4 | _aECONOMIA | |
| 650 | 4 | _aECONOMIA INTERNACIONAL | |
| 650 | 4 | _aESTUDIOS DE CASOS | |
| 650 | 4 | _aITALIA | |
| 650 | 4 | _aUNION EUROPEA | |
| 651 | 4 | _aMundial | |
| 653 | _aECONOMIA SOCIAL | ||
| 710 | 2 | _aPrograma Interdisciplinario de Estudios del Tercer Sector (México D. F.) | |
| 905 | _a33032 | ||
| 942 | _cLIB | ||
| 999 |
_c52463 _d52463 |
||